000
00296nam a22001337a 4500
020
_a
817826317-3
082
_a
823
_b
ROH/S
100
_a
ROHAN BOOK COMPANY
245
_a
SINDBAD
260
_a
DELHI
_b
ROHAN BOOK COMPANY
_c
2003
300
_a
224
650
_a
MODERN ILLUSTRATED CLASSICS
942
_c
BK
999
_c
416
_d
416